000 00349nab a22001097u 4500
008 130520b2010 xxu||||| |||| 00| 0 eng d
041 _aeng
100 1 _aEnglish, Leona M.
_952495
245 0 0 _aAdult Education of the Laity. A Church Concern
_cLeona M. English
773 0 _tTheoforum
_gV.41, nº1,2010,págs. 131-148
_x0013-2349
_wRev473
942 _cAR
999 _c307533
_d307533